Batman Arkham origins character quiz - Statistics

General Stats
  • This quiz has been taken 126 times
  • The average score is 18 of 24
Answer Stats
Hint Answer % Correct
A vigilante new on the scene determined from stopping bad guys Batman
100%
A psychotic clown who brings the assassins together Joker
98%
A Crocodile mutant out to hurt you Killer Croc
97%
A south American brute who uses a chemical called venom Bane
96%
A pyromaniac who tries to burn down pioneers bridge Firefly
95%
A assassin who never misses a Shot Deadshot
93%
A Mob boss who leads a gang known for his mask Black Mask
92%
1's butler and best friend helping him take down the bad guys Alfred Pennyworth
91%
A good police captain Jim Gordon
91%
A psycho who is obsessed with Alice in wonderland Mad hatter
91%
A killer obsessed with dates and days Calendar Man
89%
A assassin with speed and strength enhancements Deathstroke
88%
A ruthless Arms dealer and well known batman villain The Penguin
82%
The police captains daughter Barbra Gordon
77%
A venomous assassin who is out to get you with deadly fangs Copperhead
77%
A assassins who has electric gloves used later as a tool Electrocutioner
77%
A deadly assassin who has incredible martial art skills Shiva
73%
A psychiatrist who is helping the joker later becomes a villain Harleen Quinzel
69%
A kid who is against the government and has bombs Anarchy
60%
A smart villain set on releasing extortion files Enigma
51%
Banes lieutenant and right hand man Bird
50%
The police captains right hand man Harvey Bullock
41%
A corrupt S.W.A.T lieutenant Branden
28%
An Architect who fakes his death Cyrus Pinkney
21%
No matching quizzes found
Score Distribution
Percent of People with Each Score
Percentile by Number Answered
Your Score History
You have not taken this quiz